Publicació amb motiu de la primera Assemblea General de l'AGIC, 19 de novembre de 1982 / Associació de Gabinets d'Informació de Catalunya (o Associació Catalana de Gabinets d'Informació) AGIC
Descripción Física:
[300] f. ; 29'7 cm
Colección:
Publicacions de l'AGIC ; 2
MARC
| LEADER | 00000nam a2200000Ia 4500 | ||
|---|---|---|---|
| 001 | 11847 | ||
| 003 | BGR | ||
| 005 | 20260324175251.0 | ||
| 008 | 160829s1982 xx 000 0 cat d | ||
| 080 | |a O-1-10 | ||
| 110 | 2 | |9 70408 |a Associació de Gabinets d'Informació de Catalunya | |
| 245 | |a Publicació amb motiu de la primera Assemblea General de l'AGIC, 19 de novembre de 1982 / Associació de Gabinets d'Informació de Catalunya (o Associació Catalana de Gabinets d'Informació) AGIC | ||
| 260 | |a Barcelona : |b [l'Associació], |c 1982 | ||
| 300 | |a [300] f. ; |c 29'7 cm | ||
| 490 | |a Publicacions de l'AGIC ; 2 | ||
| 590 | |a Conté documents bàsics de l'AGIC, un recull d'informació de premsa sobre Gabinets d'Informació i diversos documents o treballs referents a aquests Gabinets | ||
| 901 | |a Arxiu | ||
| 942 | |n 1 |2 udc |c MON | ||
| 952 | |0 0 |1 0 |4 0 |6 O110 |7 1 |9 42969 |a Arxiu |b Arxiu |d 2016-12-01 |l 0 |o O-1-10 |p 11847 |r 2016-12-01 00:00:00 |w 2016-12-01 |y ARXIU | ||
| 999 | |c 45512 |d 45512 | ||